000 00639cam a22001814a 4500
020 _a9789966255822
050 0 0 _aKSK1507
_b.E578 2008
245 0 0 _aEnvironmental governance in Kenya :
_bimplementing the framework law /
_cedited by, C.O. Okidi, P. Kameri-Mbote, Migai Akech.
260 _aNairobi :
_bEast African Educational Publishers,
_c2008.
300 _axxi, 554 p. :
500 _aIncludes Index
650 0 _bEnvironmental governance in Kenya
700 1 _aOkidi, C. Odidi.
700 1 _aKameri-Mbote, Patricia.
700 1 _aAkech, J. M. Migai.
856 4 1 _uhttp://www.loc.gov/catdir/toc/fy0903/2008345680.html
942 _cGEN
999 _c2750
_d2750